000 00622nam a2200193Ii 4500
003 JO-AjNU
008 230605s9999||||xx |||||||||||||| ||und||
040 _aJO-AjNU
_bara
_erda
_cJO-AjNU
041 _aara
050 1 4 _aPJ7816.A77.A17 2008
100 3 _aالبياتي، عبد الوهاب,
_eauthor
_933694
245 0 0 _aالأعمال الشعرية الكاملة، مج1
264 3 1 _aبيروت: دار العودة، 2008
300 _aمج1، 514ص
336 _atext
_btxt
_2rdacontent
337 _aunmediated
_bn
_2rdamedia
338 _avolume
_bnc
_2rdacarrier
650 4 _aالشعر العربي
_933695
999 _aA13740
_c17308
_d17308